TISSUE SCIENCE TECHNOLOGY (Record no. 216147)
[ view plain ]
| 000 -LEADER | |
|---|---|
| fixed length control field | 00431nam a22001577a 4500 |
| 008 - FIXED-LENGTH DATA ELEMENTS--GENERAL INFORMATION | |
| fixed length control field | 251110b |||||||| |||| 00| 0 eng d |
| 020 ## - INTERNATIONAL STANDARD BOOK NUMBER | |
| International Standard Book Number | 979-8-88715-035-2 |
| 100 ## - MAIN ENTRY--PERSONAL NAME | |
| Personal name | BORIS, DANIELS C. |
| 245 ## - TITLE STATEMENT | |
| Title | TISSUE SCIENCE TECHNOLOGY |
| 260 ## - PUBLICATION, DISTRIBUTION, ETC. | |
| Place of publication, distribution, etc. | DUBLIN |
| Name of publisher, distributor, etc. | ORYSON PRESS |
| Date of publication, distribution, etc. | 2023 |
| 300 ## - PHYSICAL DESCRIPTION | |
| Extent | VI, 290P. |
| 500 ## - GENERAL NOTE | |
| General note | INCLUDES INDEX |
| 650 ## - SUBJECT ADDED ENTRY | |
| Topical term or geographic name entry element | 1. TISSUE ENGINEERING 2. REGENERATIVE MEDICINE |
| 942 ## - ADDED ENTRY ELEMENTS (KOHA) | |
| Koha item type | Long Loan Book |
| Withdrawn status | Lost status | Source of classification or shelving scheme | Damaged status | Not for loan | Home library | Current library | Date acquired | Inventory number | Total checkouts | Full call number | Barcode | Date last seen | Copy number | Price effective from | Koha item type |
|---|---|---|---|---|---|---|---|---|---|---|---|---|---|---|---|
| Library of Congress Classification | Kisii University Library | Kisii University Library | 11/10/2025 | 109637 | R 857. T57B67 2023 | 000000023580 | 11/10/2025 | C.1 | 11/10/2025 | Long Loan Book | |||||
| Library of Congress Classification | Kisii University Library | Kisii University Library | 11/10/2025 | 109638 | R 857. T57B67 2023 | 000000023581 | 11/10/2025 | C.2 | 11/10/2025 | Long Loan Book | |||||
| Library of Congress Classification | Kisii University Library | Kisii University Library | 11/10/2025 | 109639 | R 857. T57B67 2023 | 000000023582 | 11/10/2025 | C.3 | 11/10/2025 | Long Loan Book | |||||
| Library of Congress Classification | Kisii University Library | Kisii University Library | 11/10/2025 | 109640 | R 857. T57B67 2023 | 000000023583 | 11/10/2025 | C.4 | 11/10/2025 | Long Loan Book |